书目信息 |
| 题名: |
南太平洋的万岛世界
|
|
| 作者: | 叶进 编著 | |
| 分册: | ||
| 出版信息: | 北京 海洋出版社 1979 |
|
| 页数: | 151页 | |
| 开本: | 19cm | |
| 丛书名: | ||
| 单 册: | ||
| 中图分类: | K91 , K31 | |
| 科图分类: | ||
| 主题词: | 东亚--历史 | |
| 电子资源: | ||
| ISBN: | ||
| 000 | 00625nam0 2200241 45 | |
| 001 | 1560497591 | |
| 005 | 20150126164845.10 | |
| 010 | @dCNY38.00 | |
| 091 | @aCN@b12193.001 | |
| 100 | @a19951114d1979 em y0chiy0121 ea | |
| 101 | 0 | @achi |
| 102 | @aCN@b110000 | |
| 105 | @ay z 000yy | |
| 200 | 10 | @a南太平洋的万岛世界@Anan tai ping yang de wan dao shi jie@f叶进编著 |
| 210 | @a北京@c海洋出版社@d1979 | |
| 215 | @a151页@d19cm | |
| 606 | 0 | @a东亚@x历史 |
| 607 | @a南太平洋@x地区@x概况 | |
| 690 | @aK91@v3 | |
| 690 | @aK31@v4 | |
| 701 | 0 | @a叶进@Aye jin@4编著 |
| 801 | 0 | @aCN@bTSSF@c20150126 |
| 905 | @aZUCC@dK31@eJY7 | |
| 南太平洋的万岛世界/叶进编著.-北京:海洋出版社,1979 |
| 151页;19cm |
| ISBN :CNY38.00 |
| ● |
| 相关链接 |
|
|
|
|
正题名:南太平洋的万岛世界
索取号:K31/JY7
 
预约/预借
| 序号 | 登录号 | 条形码 | 馆藏地/架位号 | 状态 | 备注 |
| 1 | 7838828 | 278388282 | 学院路分馆/ [索取号:K31/JY7] | 在馆 |